• 首页
  • 本馆介绍
  • 公告通知
  • 最新文献
  • 馆藏检索
  • 电子资源
  • 读者导购
  • 参考咨询
  • 我的图书馆
  • 登录
  • 详细信息显示
  • 放入我的书架
  • 预约/预借图书
  • 作者相关作品
  • 分类相关作品
  • 丛书相关作品
  • 出版社相关作品

书目信息

  • 表格格式
  • 工作单格式
  • 卡片格式
题名:
医学实验动物学
    
 
作者: 卢维 , 李志满 , 王彦平 主编
分册:  
出版信息: 长春   吉林大学出版社  2014
页数: 277页
开本: 26cm
丛书名:
单 册:
中图分类: R-332
科图分类:
主题词: 医学--实验动物学 , 医学 , 实验动物
电子资源:
ISBN: 978-7-5601-3146-7
000 01184nam0 2200301 450
001 012015000149
005 20151130092443.53
010    @a978-7-5601-3146-7@dCNY40.00
100    @a20140429d2014 em y0chiy50 ea
101 0  @achi
102    @aCN@b220000
105    @aa z 000yy
106    @ar
200 1  @a医学实验动物学@Ayi xue shi yan dong wu xue@dMedical laboratory animal sciences@f卢维,李志满,王彦平主编@zeng
205    @a2版
210    @a长春@c吉林大学出版社@d2014
215    @a277页@c图@d26cm
330    @a本书共11章,内容包括总论,实验动物遗传学和遗传质量控制,常用实验动物及其管理,医学科学研究中实验动物的选择和应用,人类疾病的动物模型,环境因素对实验动物和动物实验的影响,实验动物的环境设施及控制,实验动物饲料与营养,实验动物的卫生防疫和常见疾病,常用动物实验基本技术,实验动物科技新发展等。
510 1  @aMedical laboratory animal sciences@zeng
606 0  @a医学@x实验动物学
606 0  @a医学
606 0  @a实验动物
690    @aR-332@v5
701  0 @a卢维@Alu wei@c(动物学)@4主编
701  0 @a李志满@Ali zhi man@c(动物学)@4主编
701  0 @a王彦平@Awang yan ping@c(教授)@4主编
801  0 @aCN@b碧洲教育@c20151127
905    @a10447@f3@dR-332@e29
    
    医学实验动物学=Medical laboratory animal sciences/卢维,李志满,王彦平主编.-2版.-长春:吉林大学出版社,2014
    277页:图;26cm
    
    
    ISBN 978-7-5601-3146-7:CNY40.00
    本书共11章,内容包括总论,实验动物遗传学和遗传质量控制,常用实验动物及其管理,医学科学研究中实验动物的选择和应用,人类疾病的动物模型,环境因素对实验动物和动物实验的影响,实验动物的环境设施及控制,实验动物饲料与营养,实验动物的卫生防疫和常见疾病,常用动物实验基本技术,实验动物科技新发展等。
●
相关链接 在E读中查询图书 在五车中查询图书 在当当中查询图书 在豆瓣中查询图书


正题名:医学实验动物学     索取号:R-332/29         预约/预借

序号 登录号 条形码 馆藏地/架位号 状态 备注
1 0871048   208710484   第二样本阅览室/ [索取号:R-332/29] 在馆    
2 0871049   208710493   第三借阅区/ [索取号:R-332/29] 在馆    
3 0871050   208710509   第三借阅区/ [索取号:R-332/29] 在馆    
唐山师范学院图书馆 欢迎您!
大连网信软件有限公司© 版权所有